Wards of Fukuoka City - Statistics

General Stats
  • This quiz has been taken 41 times
  • The average score is 6 of 7
Answers on the Map
Answers color-coded by a green-red scale on the quiz's map according to % correct below.
 
Answer Stats
Answer % Correct
Chuo 中央
92%
Hakata 博多
92%
Higashi 東
88%
Minami 南
83%
Nishi 西
83%
Jonan 城南
67%
Sawara 早良
58%
No matching quizzes found
Score Distribution
Percent of People with Each Score
Percentile by Number Answered
Your Score History
You have not taken this quiz